Global financial development report 2019/2020 : bank regulation and supervision a decade after the global financial crisis /

Bibliographic Details
Corporate Author: World Bank (Washington, District of Columbia), (Author)
Format: eBook
Language:English
Published: Washington, District of Columbia : World Bank Group, [2020]
Series:Global financial development report.
Subjects:
Online Access:Click to View
LEADER 01867nam a2200397 i 4500
001 EBC5984427
003 MiAaPQ
005 20191219083959.0
006 m o d |
007 cr cnu||||||||
008 191219s2020 dcu o 000 0 eng d
020 |z 9781464814471 
020 |a 9781464814969 (e-book) 
035 |a (MiAaPQ)EBC5984427 
035 |a (Au-PeEL)EBL5984427 
035 |a (OCoLC)1138026989 
040 |a MiAaPQ  |b eng  |e rda  |e pn  |c MiAaPQ  |d MiAaPQ 
050 4 |a K1066  |b .W675 2020 
082 0 |a 346.082  |2 23 
110 2 |a World Bank (Washington, District of Columbia),  |e author. 
245 1 0 |a Global financial development report 2019/2020 :  |b bank regulation and supervision a decade after the global financial crisis /  |c World Bank. 
264 1 |a Washington, District of Columbia :  |b World Bank Group,  |c [2020] 
264 4 |c 2020 
300 |a 1 online resource (155 pages). 
336 |a text  |b txt  |2 rdacontent 
337 |a computer  |b c  |2 rdamedia 
338 |a online resource  |b cr  |2 rdacarrier 
490 1 |a Global financial development report 
588 |a Description based on print version record. 
590 |a Electronic reproduction. Ann Arbor, MI : ProQuest, 2018. Available via World Wide Web. Access may be limited to ProQuest affiliated libraries. 
650 0 |a Banking law. 
655 4 |a Electronic books. 
776 0 8 |i Print version:  |a World Bank (Washington, District of Columbia)  |t Global financial development report 2019/2020 : bank regulation and supervision a decade after the global financial crisis.  |d Washington, District of Columbia : World Bank Group, c2020   |h 155 pages   |k Global financial development report.  |z 9781464814471   |w (DLC) 2019952879 
797 2 |a ProQuest (Firm) 
830 0 |a Global financial development report. 
856 4 0 |u https://ebookcentral.proquest.com/lib/matrademy/detail.action?docID=5984427  |z Click to View